| 000 | 00350nam a22001457a 4500 | ||
|---|---|---|---|
| 020 | _a9788174829030 | ||
| 082 |
_a658 _bKOL/UP |
||
| 100 |
_aKoli, L.N _9932 |
||
| 100 |
_aPrem Koli _9933 |
||
| 245 | _aUpkar's UGC/NET/JRF/SET Management (Paper - II) | ||
| 250 | _aRev ed | ||
| 260 |
_aAgra -2 _bUpkar Prakashan _c2013 |
||
| 300 | _a663 | ||
| 942 | _cREF | ||
| 999 |
_c14535 _d14535 |
||